000 00778nam a2200217Ii 4500
003 JO-AjNU
008 230605s9999||||xx |||||||||||||| ||und||
017 _a2005/5/1648
040 _aJO-AjNU
_bara
_erda
_cJO-AjNU
041 _aara
050 1 4 _aDS110.K63.G85 2009
100 3 _aتاليف الغول، غالب احمد,
_eauthor
_950171
245 0 0 _aالكفرين/حيفا وأحفاد إبراهيم الغول
250 _aط2
264 3 1 _aالزرقاء: المؤلف، 2009
300 _a215ص
_bصور فوتوغرافية
336 _atext
_btxt
_2rdacontent
337 _aunmediated
_bn
_2rdamedia
338 _avolume
_bnc
_2rdacarrier
650 4 _aحيفا-فلسطين-تاريخ/ الكفرين-فلسطين-تاريخ/الغول ابراهيم
_950172
999 _aA22084
_c25652
_d25652